Statistics for The Stranglers all albums

Click here to take the quiz!

General Stats

  • This quiz has been taken 5 times
  • The average score is 10 of 18

Answer Stats

HintAnswer% Correct
1978Black and White
100%
1977No More Heroes
100%
1977Rattus Norvegicus
100%
1979The Raven
80%
199010
60%
1981La Folie
60%
2004Norfolk Coast
60%
1981The Gospel According to the Meninblack
60%
1997Written in Red
60%
1984Aural Sculpture
40%
1998Coup de Grace
40%
1986Dreamtime
40%
1983Feline
40%
2012Giants
40%
2006Suite XVI
40%
1995About Time
20%
2021Dark Matters
20%
1992Stranglers in the Night
20%

Score Distribution

Percentile by Number Answered

Percent of People with Each Score

Your Score History

You have not taken this quiz